[Event "North Island-ch"]
[Site "Auckland"]
[Date "2022.07.17"]
[Round "8"]
[White "Zhu, David Junyang"]
[Black "Mironov, Eric"]
[Result "1/2-1/2"]
[WhiteElo "1535"]
[BlackElo "1435"]
[PlyCount "84"]
[EventDate "2022.07.14"]
[EventType "swiss"]
[EventRounds "9"]
[EventCountry "NZL"]
[SourceTitle "EXT 2024"]
[Source "ChessBase"]
[SourceDate "2023.10.10"]
[SourceVersion "1"]
[SourceVersionDate "2023.10.10"]
[SourceQuality "1"]

1. d4 Nf6 2. c4 e6 3. g3 c5 4. Nf3 cxd4 5. Nxd4 Nc6 6. Bg2 Bc5 7. Nxc6 bxc6 8. Nc3 d5 9. 0-0 0-0 10. Qc2 Rb8 11. Bg5 h6 12. Bf4 Bd6 13. Bxd6 Qxd6 14. Rfd1 Ba6 15. cxd5 cxd5 16. e3 Rb6 17. Bf1 Bxf1 18. Kxf1 Rfb8 19. Rab1 Qe5 20. Rd4 Qh5 21. Kg2 Ng4 22. h3 Ne5 23. Qd1 Qg6 24. Qe2 Rc6 25. Rc1 Nc4 26. b3 Nd6 27. Qd2 Rbc8 28. Rd3 Ne4 29. Nxe4 Rxc1 30. Nc3 Ra1 31. Rd4 Qf5 32. Qb2 Rxa2 33. Qxa2 Rxc3 34. Qxa7 Rxb3 35. Rf4 Qg6 36. Qc7 f6 37. Qd6 Qf7 38. Ra4 Kh7 39. Qd8 Rb7 40. Ra8 Ra7 41. Qh8+ Kg6 42. Rf8 Qb7 1/2-1/2

[Event "North Island-ch"]
[Site "Auckland"]
[Date "2022.07.16"]
[Round "7"]
[White "Mironov, Eric"]
[Black "McLeod, Hugh"]
[Result "0-1"]
[WhiteElo "1435"]
[BlackElo "1597"]
[PlyCount "136"]
[EventDate "2022.07.14"]
[EventType "swiss"]
[EventRounds "9"]
[EventCountry "NZL"]
[SourceTitle "EXT 2024"]
[Source "ChessBase"]
[SourceDate "2023.10.10"]
[SourceVersion "1"]
[SourceVersionDate "2023.10.10"]
[SourceQuality "1"]

1. d4 d5 2. c4 c6 3. Nc3 e6 4. cxd5 cxd5 5. Bf4 Bd6 6. Bg3 Nf6 7. e3 a6 8. Nf3 Nc6 9. Bd3 Bxg3 10. hxg3 Qd6 11. a3 b5 12. b4 Bb7 13. Qd2 e5 14. dxe5 Nxe5 15. Nxe5 Qxe5 16. 0-0 0-0 17. Ne2 Rac8 18. Rac1 Rfe8 19. Nd4 Ne4 20. Bxe4 Qxe4 21. Rxc8 Rxc8 22. Ra1 h6 23. a4 bxa4 24. Rxa4 Qb1+ 25. Kh2 Rc1 26. g4 Rh1+ 27. Kg3 Qg6 28. Qc2 Qd6+ 29. Kf3 Rh2 30. Qf5 g6 31. Qf4 Qxf4+ 32. exf4 Rh1 33. Ra3 Rb1 34. Rb3 Rd1 35. Ke3 Rc1 36. Ra3 Rc4 37. Rb3 Rc8 38. Ra3 Re8+ 39. Kd3 Rc8 40. Ke3 Rc4 41. Rb3 Bc8 42. f3 Bb7 43. Kd3 Kf8 44. f5 Kg7 45. b5 axb5 46. Nxb5 Ba6 47. Ke3 Rc8 48. Nd4 Bc4 49. Rc3 g5 50. g3 Rb8 51. Rc2 Rb1 52. Rg2 Re1+ 53. Kd2 Ra1 54. Ke3 Ra3+ 55. Kf2 Kf6 56. f4 Ke7 57. Rh2 Ra6 58. fxg5 Ra2+ 59. Kg1 Rxh2 60. Kxh2 hxg5 61. Kg2 Kd6 62. Kf3 Kc5 63. Ke3 Bf1 64. Nf3 f6 65. Nd4 Bh3 66. Kd3 Bxg4 67. Ke3 Kd6 68. Nb5+ Ke5 0-1